| 000 | 00393nam a2200133Ia 4500 | ||
|---|---|---|---|
| 008 | 170516s9999 xx 000 0 und d | ||
| 245 | _aPreclinical Applications of 3'-Deoxy-3'-[18F] Fluoro-thymidine in Oncology - A Systematic Review | ||
| 260 | _bTheranostics | ||
| 260 | _c2017 | ||
| 300 | _a7:1 | ||
| 650 | _xMedical Technology | ||
| 650 | _xMedtech | ||
| 856 | _uhttp://www.thno.org/v7i1 | ||
| 999 |
_c330654 _d330654 |
||